| 000 | 00586nam a22001577a 4500 | ||
|---|---|---|---|
| 003 | OSt | ||
| 005 | 20150913091506.0 | ||
| 008 | 150913b xxu||||| |||| 00| 0 eng d | ||
| 040 | _cRUA | ||
| 082 | _aAGR MEAS 1996 B016 Or.1 | ||
| 100 |
_9360 _aMEAS PEOV |
||
| 245 | _aB30.39 soya bean experement at kabal koh vegetable research station ការពិសោធន៏សណ្តែកសៀងB30-39 នៅស្ថានីយ៏ពិសោធន៏ពូជបន្លែក្បាលកោះ | ||
| 260 |
_aPhnom Penh _bRUA _c1996 |
||
| 300 |
_a64p. _bill. _c29cm. |
||
| 942 |
_2ddc _cAGR |
||
| 999 |
_c341 _d341 |
||